Diccionario jurídico Espasa (Registro nro. 12823)
[ vista simple ]
| 000 -Cabecera | |
|---|---|
| Campo de control interno | 00411nam a2200181Ia 4500 |
| 005 - Fecha y hora del registro | |
| control field | 20260306163009.0 |
| 008 - Elementos de Longitud Fija | |
| fixed length control field | 260306t2007||||xx |||||||||||||| ||spa|| |
| 041 ## - Idioma | |
| Codigo Idioma | ESP |
| 082 ## - DEWEY y NOTACIÓN INTERNA | |
| Dewey | RD 340.3 |
| Notación Interna | F96 |
| 100 ## - AUTOR | |
| Autor denominación | Fundación Tomás Moro |
| Término de relación | autor |
| 245 #0 - TÍTULO DE MATERIAL BIBLIOGRÁFICO | |
| Título | Diccionario jurídico Espasa |
| 260 ## - CIUDAD, EDITORIAL, AÑO | |
| Año | 2007 |
| 300 ## - DESCRIPCIÓN | |
| N° Páginas | |
| Dimensiones | |
| 650 ## - TEMAS | |
| Temas | Generalidades |
| 654 ## - PROGRAMAS | |
| Programa | Dpto. de Derecho y Ciencia Política |
| 942 ## - ELEMENTOS DE KOHA | |
| Tipo de documento | Diccionario |
| Nombre del creador | Justo Noguera |
| Código de catalogador | Justo Noguera |
| Esquema de clasificación | Dewey Decimal Classification |
| Suppress in OPAC | |
| Codigo completo | Registro | Colección | Copia número | Disponibilidad | Tipo de préstamo | Biblioteca Actual | Procedencia (Biblioteca) | Ubicacón | Fecha Ingreso | Tipo de Adquisición | Date last seen | Total checkouts | Price effective from | Tipo de Item | Estado del Material | Fuente de Clasificación | Damaged status | Withdrawn status |
|---|---|---|---|---|---|---|---|---|---|---|---|---|---|---|---|---|---|---|
| RD 340.3 F96 | 1003279 | Universidad Católica San Pablo | 1 | Disponible | Disponible | Víctor Andrés Belaunde | Víctor Andrés Belaunde | Planta baja abierta | 03/06/2026 | Compra | 06/03/2026 | 06/03/2026 | Diccionario | Bueno | Dewey Decimal Classification |




